000 01256cam a2200301 a 4500
001 1108740
003 OSt
005 20241007113606.0
008 931108s1994 nyua b 001 0 eng
010 _a 93043595
020 _a9780070582781
040 _aDLC
_cmust
_dDLC
050 0 0 _aTK7874.65
_b.D4 1994
082 0 0 _a621.3815
_220
100 1 _aDe Micheli, Giovanni.
_919253
245 1 0 _aSynthesis and optimization of digital circuits /
_cGiovanni De Micheli.
260 _aNew York :
_bMcGraw-Hill,
_cc1994.
300 _axviii, 579 p. :
_bill. ;
_c24 cm.
440 0 _aMcGraw-Hill series in electrical and computer engineering.
_pElectronics and VLSI circuits
_919254
504 _aIncludes bibliographical references and index.
650 0 _aDigital integrated circuits
_xComputer-aided design.
_919255
650 0 _aDigital electronics
_xData processing.
_919256
856 4 2 _3Publisher description
_uhttp://www.loc.gov/catdir/description/mh022/93043595.html
856 4 1 _3Table of contents
_uhttp://www.loc.gov/catdir/toc/mh022/93043595.html
906 _a7
_bcbc
_corignew
_d1
_eocip
_f19
_gy-gencatlg
942 _2ddc
_cB_BANK
999 _c9439
_d9439